Návrh a realizácia podvodného drona na báze platformy Drone Technology Laboratory

Salvato in:
Dettagli Bibliografici
Autore principale: Hamran, Radovan (Autore)
Altri autori: Gulan, Martin (Relatore della tesi)
Natura: Manoscritto Libro
Lingua:slovacco
Pubblicazione: 2025
Soggetti:
Accesso online:http://is.stuba.sk/zp/portal_zp.pl?podrobnosti=176431
Tags: Aggiungi Tag
Nessun Tag, puoi essere il primo ad aggiungerne!!

MARC

LEADER 00000ntm a22000003a 4500
001 stuzp105549
003 SK-STU
005 20250628212847.7
007 ta
008 150427s2015----xo-----f-mn---000-0-slo-d
040 |a STU  |b slo 
041 0 |a slo 
100 1 |a Hamran, Radovan  |u 020020  |4 aut  |U SjF Strojnícka fakulta  |T SjF Ústav automatizácie, informatizácie a merania  |X 121666  |U J0020  |Y 802  |7 121666 
242 0 1 |a Design and implementation of an underwater drone based on the Drone Technology Laboratory platform  |y eng 
245 1 0 |a Návrh a realizácia podvodného drona na báze platformy Drone Technology Laboratory 
260 |c 2025 
650 4 |a podvodný dron  |2 slo 
650 4 |a dron  |2 slo 
650 4 |a bezpilotné podvodné vozidlo  |2 slo 
650 4 |a autonómne riadenie  |2 slo 
650 4 |a diaľkové ovládanie  |2 slo 
650 4 |a DCU  |2 slo 
650 4 |a Drone Technology Laboratory  |2 slo 
650 4 |a PROSYSTEMY  |2 slo 
650 4 |a unmanned underwater vehicle  |2 eng 
650 4 |a drone  |2 eng 
650 4 |a autonomous control  |2 eng 
650 4 |a remote control  |2 eng 
650 4 |a DCU  |2 eng 
650 4 |a Drone Technology Laboratory  |2 eng 
650 4 |a PROSYSTEMY  |2 eng 
700 1 |a Gulan, Martin  |u 020020  |k Z1  |4 ths  |U SjF Strojnícka fakulta  |T SjF Ústav automatizácie, informatizácie a merania  |X 49587  |U J0020  |Y 802  |7 A000049587 
856 4 |u http://is.stuba.sk/zp/portal_zp.pl?podrobnosti=176431